Vista normal
Vista MARC
Entrada Personal Name
Número de registros utilizados en: 1
001 - CONTROL NUMBER
- control field: 776
003 - CONTROL NUMBER IDENTIFIER
- control field: OSt
005 - DATE AND TIME OF LATEST TRANSACTION
- control field: 20200219162529.0
008 - FIXED-LENGTH DATA ELEMENTS
- fixed length control field: 200219|| aca||aabn | a|a d
040 ## - CATALOGING SOURCE
- Original cataloging agency: OSt
- Transcribing agency: OSt
100 ## - HEADING--PERSONAL NAME
- Personal name: Vasco Uribe, Luis Guillermo,
670 ## - SOURCE DATA FOUND
- Source citation: Work cat.: (OSt): Vasco Uribe, Luis Guillermo, autor , Lewis Henry Morgan : , 1994